|
|
|
|
| LEADER |
02065nam a22003017a 4500 |
| 001 |
29601 |
| 003 |
BD-DhAAL |
| 005 |
20240924153032.0 |
| 008 |
150818s1991 bg ||||| |||| 00| 0 eng d |
| 040 |
|
|
|a BD-DhAAL
|c BD-DhAAL
|
| 082 |
|
|
|a 363.348095492
|2 22
|
| 245 |
|
|
|a Post -cyclone rehabilitation and development program.
|
| 264 |
|
|
|a Dhaka :
|b Bangladesh Rural Advancement Committee (BRAC),
|c 1991.
|
| 300 |
|
|
|a 36 pages :
|b 29 cm.
|
| 541 |
|
|
|e 29601
|a BRAC
|
| 610 |
|
|
|a BRAC
|9 13918
|
| 650 |
|
|
|a Disaster relief
|z Bangladesh.
|9 13919
|
| 710 |
|
|
|a Bangladesh Rural Advancement Committee (BRAC)
|9 11015
|
| 852 |
|
|
|a Ayesha Abed Library
|c BRAC Resource Section
|
| 942 |
|
|
|2 ddc
|c BK
|
| 999 |
|
|
|c 35273
|d 35273
|
| 952 |
|
|
|0 0
|1 0
|2 ddc
|4 0
|6 363_348095492000000_POS
|7 0
|9 55331
|a BRACUL
|b BRACUL
|c GEN
|d 2015-08-18
|l 0
|o 363.348095492 POS
|p 3010029601
|r 2015-08-18
|t 1
|w 2015-08-18
|y BK
|
| 952 |
|
|
|0 0
|1 0
|2 ddc
|4 0
|6 363_348095492000000_POS
|7 0
|9 55332
|a BRACUL
|b BRACUL
|c GEN
|d 2015-08-18
|l 1
|o 363.348095492 POS
|p 3010029602
|r 2025-12-30
|s 2025-03-24
|t 2
|w 2015-08-18
|y BK
|
| 952 |
|
|
|0 0
|1 0
|2 ddc
|4 0
|6 363_348095492000000_POS
|7 1
|9 56303
|a BRACUL
|b BRACUL
|c BRS
|d 2015-10-14
|e BRAC
|l 0
|o 363.348095492 POS
|p 3010029999
|r 2015-10-14
|t 3
|w 2015-10-14
|y BK
|x BRAC ; price not available in register
|
| 952 |
|
|
|0 0
|1 0
|2 ddc
|4 0
|6 363_348095492000000_POS
|7 1
|9 56304
|a BRACUL
|b BRACUL
|c BRS
|d 2015-10-14
|e BRAC
|l 0
|o 363.348095492 POS
|p 3010030000
|r 2015-10-14
|t 4
|w 2015-10-14
|y BK
|x BRAC ; price not available in register
|
| 952 |
|
|
|0 0
|1 0
|2 ddc
|4 0
|6 363_348095492000000_POS
|7 1
|9 56305
|a BRACUL
|b BRACUL
|c BRS
|d 2015-10-14
|e BRAC
|l 0
|o 363.348095492 POS
|p 3010030001
|r 2015-10-14
|t 5
|w 2015-10-14
|y BK
|x BRAC ; price not available in register
|
| 952 |
|
|
|0 0
|1 0
|2 ddc
|4 0
|6 363_348095492000000_POS
|7 1
|9 56306
|a BRACUL
|b BRACUL
|c BRS
|d 2015-10-14
|e BRAC
|l 0
|o 363.348095492 POS
|p 3010030002
|r 2015-10-14
|t 6
|w 2015-10-14
|y BK
|x BRAC ; price not available in register
|
| 952 |
|
|
|0 0
|1 0
|2 ddc
|4 0
|6 363_348095492000000_POS
|7 1
|9 56307
|a BRACUL
|b BRACUL
|c BRS
|d 2015-10-14
|e BRAC
|l 0
|o 363.348095492 POS
|p 3010030003
|r 2015-10-14
|t 7
|w 2015-10-14
|y BK
|x BRAC ; price not available in register
|